00340nam a2200121Ia 45000010005000000080041000050820026000461000048000722450033001202600024001539010026001779990015002032990241024s9999 xx 000 0 und d aRD/371.1/C733c/2013/1 aRepública Dominicana. Comisión Nacional 0aConcurso de oposición 2013 bSanto Domingoc2013 a9/7/2013 3:14:24 p.m. c8899d8899